[Event "Titled Tuesday intern op 20th Aug Late"]
[Site "Chess.com INT"]
[Date "2024.08.20"]
[Round "2"]
[White "Hristodoulou, Panagiotis"]
[Black "Van der Velden, Bram"]
[Result "1-0"]
[WhiteElo "2407"]
[BlackElo "2160"]
[PlyCount "59"]
[EventDate "2024.08.20"]
[EventType "swiss (blitz)"]
[EventRounds "11"]
[EventCountry "USA"]
[SourceTitle "EXT 2025"]
[Source "ChessBase"]
[SourceDate "2024.10.14"]
[SourceVersion "1"]
[SourceVersionDate "2024.10.14"]
[SourceQuality "1"]

1. d4 d5 2. c4 e6 3. Nf3 c6 4. g3 dxc4 5. Bg2 b5 6. 0-0 Bb7 7. a4 Nd7 8. b3 cxb3 9. Qxb3 b4 10. Ne5 Qb6 11. Nxd7 Kxd7 12. Nd2 a5 13. Nc4 Qa6 14. e4 Nf6 15. Rd1 Be7 16. Be3 Rhd8 17. d5 cxd5 18. Nb6+ Ke8 19. Bf1 Qa7 20. exd5 Ng4 21. dxe6 Nxe3 22. Qxe3 f6 23. Bb5+ Kf8 24. Rd7 Rxd7 25. Nxd7+ Kg8 26. Nb6 Rb8 27. Rc1 Bd8 28. e7 Bxe7 29. Qxe7 Qxb6 30. Rc7 1-0

[Event "Titled Tuesday intern op 20th Aug Late"]
[Site "Chess.com INT"]
[Date "2024.08.20"]
[Round "4"]
[White "Kashefi, Amir Hossein"]
[Black "Van der Velden, Bram"]
[Result "1-0"]
[WhiteElo "2188"]
[BlackElo "2160"]
[PlyCount "87"]
[EventDate "2024.08.20"]
[EventType "swiss (blitz)"]
[EventRounds "11"]
[EventCountry "USA"]
[SourceTitle "EXT 2025"]
[Source "ChessBase"]
[SourceDate "2024.10.14"]
[SourceVersion "1"]
[SourceVersionDate "2024.10.14"]
[SourceQuality "1"]

1. d4 d5 2. c4 e6 3. Nc3 Bb4 4. cxd5 exd5 5. Qc2 Ne7 6. Bf4 c6 7. e3 Bf5 8. Bd3 Bxd3 9. Qxd3 0-0 10. Nge2 Nd7 11. 0-0 Nf6 12. a3 Ba5 13. b4 Bc7 14. Rac1 Bd6 15. Rfd1 a5 16. Bxd6 Qxd6 17. b5 a4 18. h3 Rfc8 19. bxc6 Rxc6 20. Nb5 Qd7 21. Nf4 Ne4 22. Rb1 Rb6 23. Nc3 Nxc3 24. Qxc3 Raa6 25. Rdc1 Rc6 26. Qb4 Rxc1+ 27. Rxc1 Nc6 28. Qb5 Ra5 29. Qb6 Ra6 30. Qb2 h6 31. Rc5 Ra5 32. Qb6 Rxc5 33. Qxc5 Ne7 34. Nd3 f6 35. Qb4 Kf7 36. Nc5 Qc6 37. Qxb7 Qxb7 38. Nxb7 Nc6 39. Nc5 Na5 40. Nxa4 Nc4 41. Nc3 Nxa3 42. Nxd5 Ke6 43. Nc3 Nc2 44. Kf1 1-0

[Event "Titled Tuesday intern op 20th Aug Late"]
[Site "Chess.com INT"]
[Date "2024.08.20"]
[Round "8"]
[White "Van der Velden, Bram"]
[Black "Baloglu, Dila"]
[Result "1-0"]
[WhiteElo "2160"]
[BlackElo "1944"]
[PlyCount "143"]
[EventDate "2024.08.20"]
[EventType "swiss (blitz)"]
[EventRounds "11"]
[EventCountry "USA"]
[SourceTitle "EXT 2025"]
[Source "ChessBase"]
[SourceDate "2024.10.14"]
[SourceVersion "1"]
[SourceVersionDate "2024.10.14"]
[SourceQuality "1"]

1. d4 Nf6 2. c4 e6 3. Nc3 Bb4 4. Nf3 Ne4 5. Bd2 Bxc3 6. bxc3 b6 7. Qc2 Bb7 8. Bf4 d6 9. e3 Nd7 10. Bd3 f5 11. 0-0 0-0 12. h3 Kh8 13. Rab1 Rg8 14. c5 g5 15. Bh2 g4 16. hxg4 Rxg4 17. Ne1 Qg5 18. f3 Qxe3+ 19. Kh1 Ng3+ 20. Bxg3 Rxg3 21. Bb5 Nf6 22. c6 Bc8 23. Qc1 Nd5 24. c4 Qxc1 25. Rxc1 Nf4 26. Kh2 Rg6 27. Rf2 a6 28. Ba4 Rh6+ 29. Kg1 Rg6 30. Bb3 Nh3+ 31. Kf1 Nxf2 32. Kxf2 b5 33. Nd3 bxc4 34. Bxc4 Rb8 35. Nf4 Rf6 36. Bb3 Kg7 37. Nh5+ Kg6 38. Nxf6 Kxf6 39. Rh1 Kg6 40. Rh3 Rb6 41. Rg3+ Kf7 42. Rh3 Kg7 43. Rg3+ Kf7 44. Rh3 Kg8 45. Rg3+ Kh8 46. d5 exd5 47. Bxd5 Rb2+ 48. Ke3 h6 49. Rg8+ Kh7 50. Rxc8 Rb5 51. Rxc7+ Kg6 52. Be6 Re5+ 53. Kd4 Rxe6 54. Kd5 Re2 55. Kxd6 Rxg2 56. Ra7 Rxa2 57. c7 Rd2+ 58. Ke7 Re2+ 59. Kf8 Rc2 60. Rxa6+ Kg5 61. Ra7 Kf4 62. Kg7 h5 63. Kf6 Rc6+ 64. Ke7 h4 65. Kd8 h3 66. Ra6 Rxc7 67. Kxc7 h2 68. Rh6 Kg3 69. f4 Kg2 70. Kd6 h1Q 71. Rxh1 Kxh1 72. Ke5 1-0

[Event "Titled Tuesday intern op 20th Aug Late"]
[Site "Chess.com INT"]
[Date "2024.08.20"]
[Round "3"]
[White "Van der Velden, Bram"]
[Black "Womacka, Mathias"]
[Result "1/2-1/2"]
[WhiteElo "2160"]
[BlackElo "2345"]
[PlyCount "103"]
[EventDate "2024.08.20"]
[EventType "swiss (blitz)"]
[EventRounds "11"]
[EventCountry "USA"]
[SourceTitle "EXT 2025"]
[Source "ChessBase"]
[SourceDate "2024.10.14"]
[SourceVersion "1"]
[SourceVersionDate "2024.10.14"]
[SourceQuality "1"]

1. d4 Nf6 2. c4 e6 3. Nc3 Bb4 4. Nf3 c5 5. g3 cxd4 6. Nxd4 0-0 7. Bg2 d5 8. cxd5 Nxd5 9. Bd2 Nxc3 10. bxc3 Be7 11. 0-0 e5 12. Nb3 Qc7 13. c4 Nd7 14. Na5 Nf6 15. Bc3 Rb8 16. Rb1 Be6 17. Qa4 Bc5 18. Rxb7 Rxb7 19. Nxb7 Bb6 20. c5 Bxc5 21. Ba5 Bb6 22. Bb4 Qc4 23. Nd6 Qxe2 24. Qa3 Ng4 25. Bc5 Bxc5 26. Qxc5 Qxa2 27. h3 Nf6 28. Qxe5 h6 29. Nb5 Bc4 30. Rc1 Re8 31. Qc5 Ne4 32. Bxe4 Rxe4 33. Qc8+ Kh7 34. Qf5+ g6 35. Qxe4 Bxb5 36. Qe7 Bc4 37. Qc5 Be6 38. Qc3 a5 39. Re1 a4 40. Qf6 a3 41. Qe7 Qb3 42. Rxe6 Qxe6 43. Qxa3 Qe1+ 44. Kg2 Qe4+ 45. Qf3 Qxf3+ 46. Kxf3 Kg7 47. h4 Kf6 48. Ke4 Ke6 49. Kf4 Kf6 50. Ke4 Ke6 51. Kf4 Kf6 52. Ke4 1/2-1/2

[Event "Titled Tuesday intern op 30th Jan Early"]
[Site "Chess.com INT"]
[Date "2024.01.30"]
[Round "2"]
[White "Van der Velden, Bram"]
[Black "Fernandez Hernandez, Gerardo"]
[Result "1-0"]
[WhiteElo "2184"]
[BlackElo "2181"]
[PlyCount "59"]
[EventDate "2024.01.30"]
[EventType "swiss (blitz)"]
[EventRounds "11"]
[EventCountry "USA"]
[SourceTitle "EXT 2025"]
[Source "ChessBase"]
[SourceDate "2024.10.14"]
[SourceVersion "1"]
[SourceVersionDate "2024.10.14"]
[SourceQuality "1"]

1. d4 Nf6 2. c4 c5 3. Nf3 cxd4 4. Nxd4 e5 5. Nb5 d5 6. cxd5 Bb4+ 7. Bd2 Bc5 8. N1c3 0-0 9. Qb3 Bf5 10. f3 a6 11. Na3 e4 12. g4 Bxg4 13. Bg5 exf3 14. 0-0-0 Qb6 15. Qxb6 Bxb6 16. Nc4 Bd8 17. Rg1 Nbd7 18. exf3 Bxf3 19. Rd3 Bh5 20. Nd6 b5 21. Bh3 Nc5 22. Rdg3 h6 23. Bxh6 Bg6 24. Rxg6 fxg6 25. Rxg6 Kh7 26. Bf5 Nxd5 27. Nxd5 Rxf5 28. Rxg7+ Kxh6 29. Nxf5+ Kh5 30. Nf4# 1-0

[Event "Leiden Noteboom Memorial 79th"]
[Site "Leiden"]
[Date "2019.02.23"]
[Round "3"]
[White "Van der Velden, Bram"]
[Black "Becx, Cesar"]
[Result "1-0"]
[WhiteElo "2188"]
[BlackElo "2091"]
[PlyCount "67"]
[EventDate "2019.02.22"]
[EventType "swiss"]
[EventRounds "6"]
[EventCountry "NED"]
[SourceTitle "CBM 189 Extra"]
[Source "ChessBase"]
[SourceDate "2019.05.31"]
[SourceVersion "1"]
[SourceVersionDate "2019.05.31"]
[SourceQuality "1"]

1. d4 f5 2. g3 Nf6 3. Bg2 e6 4. c4 Bb4+ 5. Bd2 a5 6. Nc3 0-0 7. Nf3 Bxc3 8. Bxc3 Ne4 9. 0-0 Nxc3 10. bxc3 d6 11. Re1 f4 12. e4 c6 13. Rb1 Nd7 14. e5 d5 15. Nd2 Qg5 16. cxd5 cxd5 17. c4 Ra6 18. cxd5 exd5 19. Bxd5+ Kh8 20. Bg2 Rh6 21. e6 Nf6 22. Nf3 Qh5 23. Re5 Qe8 24. Ng5 Rg6 25. d5 h6 26. Nf7+ Rxf7 27. exf7 Qxf7 28. Qc2 Bd7 29. d6 fxg3 30. hxg3 Ng8 31. Qd2 Qf6 32. Rxa5 b6 33. Ra7 Qxd6 34. Rxd7 1-0

[Event "Varsity Oxbridge m 132nd"]
[Site "London"]
[Date "2014.03.08"]
[Round "1.7"]
[White "Rabbitte, Michael J"]
[Black "Van der Velden, Bram"]
[Result "1/2-1/2"]
[WhiteElo "1982"]
[BlackElo "2170"]
[PlyCount "92"]
[EventDate "2014.03.08"]
[EventType "team-match"]
[EventRounds "1"]
[EventCountry "ENG"]
[SourceTitle "CBM 159 Extra"]
[Source "ChessBase"]
[SourceDate "2014.04.24"]
[SourceVersion "1"]
[SourceVersionDate "2014.04.24"]
[SourceQuality "1"]
[WhiteTeam "Oxford University"]
[BlackTeam "Cambridge"]
[WhiteTeamCountry "ENG"]
[BlackTeamCountry "ENG"]

1. d4 d5 2. Bg5 h6 3. Bh4 c6 4. Nf3 Qb6 5. Qc1 Bg4 6. Nbd2 Nd7 7. e3 e6 8. Bd3 c5 9. c3 Bd6 10. Bg3 Ngf6 11. Bxd6 Qxd6 12. Qb1 0-0 13. 0-0 e5 14. dxe5 Nxe5 15. Nxe5 Qxe5 16. h3 Be6 17. Re1 Rfe8 18. Nf3 Qc7 19. Qc2 Rad8 20. Rac1 Qa5 21. a3 Bd7 22. b3 Rc8 23. Qb2 c4 24. b4 Qc7 25. Bb1 Rcd8 26. Rcd1 Ba4 27. Bc2 Bxc2 28. Qxc2 Ne4 29. Nd2 Ng5 30. h4 Ne6 31. Nf3 Nf8 32. Rd2 Ng6 33. Red1 Qd7 34. Rd4 Qe6 35. R1d2 Ne5 36. Nxe5 Qxe5 37. e4 Qf4 38. g3 Qf3 39. Rxd5 Rxd5 40. Rxd5 Rxe4 41. Rd8+ Kh7 42. Rd4 f5 43. Rxe4 fxe4 44. Qd2 Qd3 45. Qf4 Qxc3 46. Qf5+ Kg8 1/2-1/2

[Event "Leiden LCT op-A 7th"]
[Site "Leiden"]
[Date "2013.07.18"]
[Round "6"]
[White "Van der Velden, Bram"]
[Black "Ratsma, Midas"]
[Result "1/2-1/2"]
[WhiteElo "2177"]
[BlackElo "2036"]
[PlyCount "33"]
[EventDate "2013.07.12"]
[EventType "swiss"]
[EventRounds "9"]
[EventCountry "NED"]
[SourceTitle "CBM 155 Extra"]
[Source "ChessBase"]
[SourceDate "2013.08.26"]
[SourceVersion "1"]
[SourceVersionDate "2013.08.26"]
[SourceQuality "1"]

1. d4 d5 2. c4 c6 3. Nf3 Nf6 4. Nc3 dxc4 5. e4 b5 6. e5 Nd5 7. a4 e6 8. Ng5 Bb4 9. Qh5 Qe7 10. Nge4 0-0 11. Bg5 f6 12. exf6 gxf6 13. Bh6 Re8 14. Qf3 f5 15. Qg3+ Kh8 16. Qe5+ Kg8 17. Qg3+ 1/2-1/2

[Event "Leiden LCT op-A 4th"]
[Site "Leiden"]
[Date "2010.07.10"]
[Round "2"]
[White "Nikolic, Predrag"]
[Black "Van der Velden, Bram"]
[Result "1-0"]
[WhiteElo "2592"]
[BlackElo "2177"]
[PlyCount "69"]
[EventDate "2010.07.09"]
[EventType "swiss"]
[EventRounds "9"]
[EventCountry "NED"]
[SourceTitle "CBM 137 Extra"]
[Source "ChessBase"]
[SourceDate "2010.09.01"]
[SourceVersion "1"]
[SourceVersionDate "2010.09.01"]
[SourceQuality "1"]

1. Nf3 Nf6 2. g3 g6 3. Bg2 Bg7 4. c4 d6 5. d4 Nbd7 6. 0-0 0-0 7. Nc3 e5 8. e4 exd4 9. Nxd4 Re8 10. Be3 a6 11. h3 Rb8 12. a4 Ne5 13. b3 Bd7 14. a5 c5 15. Nde2 Qc7 16. Ra2 Be6 17. Nd5 Bxd5 18. cxd5 b5 19. axb6 Rxb6 20. Nc1 Ned7 21. Qc2 Qb7 22. Re1 h5 23. Bd2 Qb8 24. Ra4 h4 25. g4 Qc8 26. Nd3 Ne5 27. Nxe5 Rxe5 28. f4 Re8 29. e5 Nd7 30. e6 Nf6 31. f5 Qb8 32. g5 Nh5 33. f6 Nxf6 34. gxf6 Bxf6 35. Rg4 1-0

[Event "Leiden SB-ch"]
[Site "Leiden"]
[Date "2009.06.16"]
[Round "5"]
[White "Zeevaarder, Michael"]
[Black "Van der Velden, Bram"]
[Result "0-1"]
[WhiteElo "1756"]
[BlackElo "2195"]
[PlyCount "130"]
[EventDate "2009.05.19"]
[EventType "swiss"]
[EventRounds "7"]
[EventCountry "NED"]
[SourceTitle "EXT 2012"]
[Source "ChessBase"]
[SourceDate "2011.11.24"]
[SourceVersion "1"]
[SourceVersionDate "2011.11.24"]
[SourceQuality "1"]

1. e4 c5 2. Nc3 Nc6 3. g3 g6 4. Bg2 Bg7 5. d3 d6 6. Be3 e6 7. Qd2 Nd4 8. Nd1 Ne7 9. c3 Ndc6 10. Bh6 0-0 11. Bxg7 Kxg7 12. d4 cxd4 13. cxd4 d5 14. Ne2 dxe4 15. Bxe4 Qb6 16. Ne3 Rd8 17. Ng4 Qb4 18. 0-0-0 Qxd2+ 19. Rxd2 Bd7 20. Ne5 Be8 21. Nxc6 Bxc6 22. Bxc6 Nxc6 23. Rhd1 Nb4 24. a3 Rac8+ 25. Kb1 Nd5 26. Rd3 Rc7 27. Nc3 Rcd7 28. Ne4 b6 29. h4 e5 30. Nc3 exd4 31. Rxd4 Nxc3+ 32. bxc3 Rxd4 33. cxd4 Rc8 34. Kb2 Kf6 35. f4 Ke6 36. Re1+ Kd6 37. Re5 Rc4 38. Re4 f6 39. g4 Kd5 40. Re7 Rxd4 41. Rxa7 Rxf4 42. Rxh7 Rxg4 43. h5 gxh5 44. Rxh5+ Rg5 45. Rh4 Re5 46. Kc3 Re3+ 47. Kb2 f5 48. Rb4 Re6 49. Kc2 Ke5 50. Kd2 Kf6 51. a4 Kg5 52. Rb5 Kg4 53. a5 bxa5 54. Rxa5 f4 55. Ra8 Kg3 56. Rg8+ Kf2 57. Rg7 Rd6+ 58. Kc3 f3 59. Kc2 Kf1 60. Kc3 f2 61. Rg5 Rd7 62. Kc2 Rd8 63. Kc1 Rd4 64. Kc2 Ke2 65. Kc3 Rf4 0-1

[Event "Enschede op"]
[Site "Enschede"]
[Date "2008.08.09"]
[Round "8"]
[White "Van der Velden, Bram"]
[Black "Van Kampen, Robin"]
[Result "1/2-1/2"]
[WhiteElo "2230"]
[BlackElo "2475"]
[PlyCount "43"]
[EventDate "2008.08.01"]
[EventType "swiss"]
[EventRounds "9"]
[EventCountry "NED"]
[SourceTitle "CBM 126 Extra"]
[Source "ChessBase"]
[SourceDate "2008.11.05"]
[SourceVersion "1"]
[SourceVersionDate "2008.11.05"]
[SourceQuality "1"]

1. d4 d5 2. c4 c6 3. Nf3 Nf6 4. Nc3 dxc4 5. e4 b5 6. e5 Nd5 7. a4 e6 8. Ng5 Be7 9. h4 h6 10. Nge4 b4 11. Nb1 a5 12. Nbd2 Nb6 13. Nxc4 Nxc4 14. Bxc4 Ba6 15. Bb3 c5 16. Nxc5 Bxc5 17. dxc5 Qxd1+ 18. Bxd1 Nd7 19. Be3 Nxe5 20. Be2 Bxe2 21. Kxe2 0-0-0 22. Rhd1 1/2-1/2

[Event "Enschede op"]
[Site "Enschede"]
[Date "2008.08.07"]
[Round "7"]
[White "Van der Velden, Bram"]
[Black "Adly, Ahmed"]
[Result "0-1"]
[WhiteElo "2230"]
[BlackElo "2593"]
[PlyCount "86"]
[EventDate "2008.08.01"]
[EventType "swiss"]
[EventRounds "9"]
[EventCountry "NED"]
[SourceTitle "CBM 126 Extra"]
[Source "ChessBase"]
[SourceDate "2008.11.05"]
[SourceVersion "1"]
[SourceVersionDate "2008.11.05"]
[SourceQuality "1"]

1. d4 d5 2. c4 e6 3. Nc3 Nf6 4. cxd5 exd5 5. Bg5 c6 6. e3 Be7 7. Bd3 Bg4 8. Qc2 Nbd7 9. f3 Bh5 10. Nge2 Bg6 11. 0-0 0-0 12. Kh1 Rc8 13. Rad1 Re8 14. Bh4 Qc7 15. Bf2 b5 16. Ng3 b4 17. Nce2 c5 18. Bxg6 hxg6 19. dxc5 Bxc5 20. Nd4 Qb6 21. Qb3 Ne5 22. Nge2 g5 23. Nc1 g4 24. Bg1 gxf3 25. gxf3 g6 26. Nd3 Bxd4 27. exd4 Nxd3 28. Qxd3 Qe6 29. Rd2 Nh5 30. f4 Ng7 31. Bf2 Qe4+ 32. Qxe4 Rxe4 33. Bg3 Nf5 34. Rfd1 Rc4 35. b3 Rc3 36. Rd3 Rc2 37. R3d2 Re2 38. Rxe2 Rxe2 39. Be1 a5 40. a3 bxa3 41. Bxa5 Rc2 42. Ra1 Nxd4 43. Be1 a2 0-1

[Event "Enschede op"]
[Site "Enschede"]
[Date "2008.08.03"]
[Round "3"]
[White "Van der Velden, Bram"]
[Black "Yilmaz, Mustafa"]
[Result "0-1"]
[WhiteElo "2230"]
[BlackElo "2362"]
[PlyCount "54"]
[EventDate "2008.08.01"]
[EventType "swiss"]
[EventRounds "9"]
[EventCountry "NED"]
[SourceTitle "CBM 126 Extra"]
[Source "ChessBase"]
[SourceDate "2008.11.05"]
[SourceVersion "1"]
[SourceVersionDate "2008.11.05"]
[SourceQuality "1"]

1. d4 d5 2. c4 c6 3. Nf3 Nf6 4. Nc3 dxc4 5. e4 b5 6. e5 Nd5 7. a4 e6 8. axb5 Nxc3 9. bxc3 cxb5 10. Ng5 Bb7 11. Qh5 g6 12. Qg4 Be7 13. h4 h6 14. Ne4 Qd5 15. f3 Nc6 16. Be2 b4 17. Qf4 bxc3 18. Ba3 0-0-0 19. Bxe7 Nxe7 20. Qxf7 Nf5 21. Rxa7 c2 22. Ra1 Qxd4 23. Qxe6+ Kb8 24. Rc1 Qe3 25. Rxc2 Nd4 26. Qxc4 Nxc2+ 27. Qxc2 Rc8 0-1

[Event "Enschede op"]
[Site "Enschede"]
[Date "2008.08.02"]
[Round "2"]
[White "Lammens, Tim"]
[Black "Van der Velden, Bram"]
[Result "1/2-1/2"]
[WhiteElo "2350"]
[BlackElo "2230"]
[PlyCount "91"]
[EventDate "2008.08.01"]
[EventType "swiss"]
[EventRounds "9"]
[EventCountry "NED"]
[SourceTitle "CBM 126 Extra"]
[Source "ChessBase"]
[SourceDate "2008.11.05"]
[SourceVersion "1"]
[SourceVersionDate "2008.11.05"]
[SourceQuality "1"]

1. c4 Nf6 2. Nc3 g6 3. e4 d6 4. g3 Bg7 5. Bg2 0-0 6. Nge2 c5 7. 0-0 Nc6 8. a3 Ne8 9. Rb1 Nc7 10. Nd5 Ne6 11. d3 Ned4 12. Nxd4 Nxd4 13. Bg5 Re8 14. b4 h6 15. Be3 Rb8 16. Qd2 Kh7 17. bxc5 dxc5 18. Bf4 e5 19. Be3 Be6 20. f4 Bxd5 21. cxd5 f6 22. fxe5 fxe5 23. Rf7 Re7 24. Rbf1 Qe8 25. Qf2 Kg8 26. Rf6 Rd8 27. Bxd4 cxd4 28. Bh3 Bxf6 29. Qxf6 Rg7 30. Be6+ Kh7 31. Qxe5 Qe7 32. Qxd4 Rf8 33. Qc3 Rxf1+ 34. Kxf1 Qd6 35. d4 Rc7 36. Qb4 Qd8 37. e5 Qg5 38. Kg2 Qc1 39. Qb5 Qg5 40. Qb4 Rc2+ 41. Kf3 Qh5+ 42. Bg4 Qxh2 43. Qe7+ Kh8 44. Qf6+ Kh7 45. Qf7+ Kh8 46. Qf6+ 1/2-1/2

[Event "Maastricht Limburg op"]
[Site "Maastricht"]
[Date "2008.05.12"]
[Round "7"]
[White "Voss, Herman"]
[Black "Van der Velden, Bram"]
[Result "0-1"]
[WhiteElo "2046"]
[BlackElo "2196"]
[PlyCount "76"]
[EventDate "2008.05.09"]
[EventType "swiss"]
[EventRounds "7"]
[EventCountry "NED"]
[SourceTitle "EXT 2009"]
[Source "ChessBase"]
[SourceDate "2008.11.26"]
[SourceVersion "1"]
[SourceVersionDate "2008.11.26"]
[SourceQuality "1"]

1. e4 c5 2. Nf3 Nc6 3. d4 cxd4 4. Nxd4 Qc7 5. Nc3 e6 6. Be3 a6 7. Bd3 Nf6 8. 0-0 d6 9. Kh1 b5 10. f4 Bb7 11. Nf3 Be7 12. Qe1 0-0 13. Qg3 Nb4 14. Rac1 Kh8 15. a3 Nxd3 16. cxd3 Qd7 17. Ng5 d5 18. e5 Nh5 19. Qg4 d4 20. Qxh5 Bxg5 21. Bxd4 Be7 22. Bg1 Qxd3 23. Qe2 Qg6 24. Rfd1 Rad8 25. Bb6 Rxd1+ 26. Rxd1 Bc6 27. Kg1 h5 28. Rd3 h4 29. g3 Rb8 30. Ba7 Rb7 31. Bf2 a5 32. Nd1 b4 33. Qe3 bxa3 34. bxa3 Rb1 35. Rd2 hxg3 36. Bxg3 Qg4 37. Qd3 Bc5+ 38. Kf1 Bb5 0-1

[Event "Arnhem Euwe Stimulans-B"]
[Site "Arnhem"]
[Date "2007.08.22"]
[Round "6"]
[White "Haast, Mark"]
[Black "Van der Velden, Bram"]
[Result "1/2-1/2"]
[WhiteElo "2028"]
[BlackElo "2079"]
[PlyCount "83"]
[EventDate "2007.08.17"]
[EventType "tourn"]
[EventRounds "9"]
[EventCountry "NED"]
[SourceTitle "EXT 2008"]
[Source "ChessBase"]
[SourceDate "2007.11.25"]
[SourceVersion "1"]
[SourceVersionDate "2007.11.25"]
[SourceQuality "1"]

1. e4 c5 2. Nf3 Nc6 3. d4 cxd4 4. Nxd4 Qb6 5. Nb3 Nf6 6. Nc3 e6 7. Qe2 d6 8. Be3 Qc7 9. g4 Be7 10. 0-0-0 a6 11. f4 b5 12. g5 Nd7 13. Kb1 Bb7 14. Qf2 Na5 15. Bg2 Nc4 16. Bc1 b4 17. Ne2 a5 18. f5 e5 19. Nd2 a4 20. Ng3 Nxd2+ 21. Bxd2 b3 22. Rc1 bxa2+ 23. Kxa2 Qc4+ 24. Kb1 Bd8 25. g6 Bb6 26. Qe2 Qxe2 27. gxf7+ Kxf7 28. Nxe2 Nf6 29. Ng3 Bf2 30. Be1 Bxg3 31. hxg3 Bxe4 32. Bxe4 Nxe4 33. Rd1 Ra6 34. Rh4 Nf6 35. g4 g5 36. fxg6+ Kxg6 37. Bb4 d5 38. Be7 d4 39. Rdh1 Ng8 40. Bd8 h6 41. g5 Re6 42. Re1 1/2-1/2